Statistics for Countries by silly stats

Click here to take the quiz!

General Stats

  • This quiz has been taken 56 times
  • The average score is 21 of 30

Answer Stats

kg per yearAnswer% Correct
Top chess federations2710Russia
96%
Top chess federations2732United States of America
96%
Chocolate consumption16.3Germany
94%
Chocolate consumption14.6United Kingdom
92%
Most electric car sales30.8%Finland
90%
Most electric car sales86.2%Norway
90%
Top chess federations2698China
88%
Most electric car sales45.0%Sweden
88%
Top chess federations2674India
86%
Most cows0.92Australia
84%
Most electric car sales35.2%Denmark
84%
Chocolate consumption18.1Switzerland
84%
Tallest people183.78 cmNetherlands
80%
Most cows1.20Brazil
78%
Most cows2.10New Zealand
78%
Most official languages11South Africa
73%
Tallest people182.10 cmIceland
71%
Most electric car sales68.8%Iceland
71%
Chocolate consumption15.1Ireland
69%
Chocolate consumption15.7Austria
67%
Top chess federations2668Ukraine
63%
Most cows1.20Argentina
61%
Tallest people182.79 cmEstonia
53%
Most official languages37Bolivia
49%
Most cows3.45Uruguay
43%
Most official languages16Zimbabwe
33%
Tallest people183.30 cmMontenegro
29%
Most official languages4Singapore
29%
Tallest people182.47 cmBosnia and Herzegovina
27%
Most official languages4Rwanda
18%

Score Distribution

Percentile by Number Answered

Percent of People with Each Score

Your Score History

You have not taken this quiz